<?xml version="1.0" encoding="UTF-8"?>
<record
    xmlns:xsi="http://www.w3.org/2001/XMLSchema-instance"
    xsi:schemaLocation="http://www.loc.gov/MARC21/slim http://www.loc.gov/standards/marcxml/schema/MARC21slim.xsd"
    xmlns="http://www.loc.gov/MARC21/slim">

  <leader>00196nam a2200085   4500</leader>
  <controlfield tag="001">1241304</controlfield>
  <controlfield tag="005">20251010151324.0</controlfield>
  <datafield tag="245" ind1=" " ind2=" ">
    <subfield code="a">AFACAN 5'LER &#xC7;&#x130;FTL&#x130;KTE</subfield>
    <subfield code="c">EN&#x130;D BLYTON</subfield>
  </datafield>
  <datafield tag="260" ind1=" " ind2=" ">
    <subfield code="b">ARTEM&#x130;S &#xC7;OCUK</subfield>
  </datafield>
  <datafield tag="999" ind1=" " ind2=" ">
    <subfield code="c">1241304</subfield>
    <subfield code="d">1241304</subfield>
  </datafield>
  <datafield tag="952" ind1=" " ind2=" ">
    <subfield code="0">0</subfield>
    <subfield code="1">0</subfield>
    <subfield code="2">ddc</subfield>
    <subfield code="4">0</subfield>
    <subfield code="7">0</subfield>
    <subfield code="a">1058</subfield>
    <subfield code="b">1058</subfield>
    <subfield code="d">2025-10-10</subfield>
    <subfield code="l">0</subfield>
    <subfield code="o">Q4</subfield>
    <subfield code="p">1058101717</subfield>
    <subfield code="r">2025-10-10 15:14:19</subfield>
    <subfield code="w">2025-10-10</subfield>
    <subfield code="y">BK</subfield>
  </datafield>
</record>
